[Event "zonal 1.8"]
[Site "Minsk BLR"]
[Date "2000.05.26"]
[Round "1"]
[White "Deseatnicov, Ivan"]
[Black "Svetuschin, Dumitru"]
[Result "0-1"]
[WhiteElo "2266"]
[BlackElo "2486"]
[EventDate "2000.05.26"]
[PlyCount "68"]

1.e4 c6 2.d4 d5 3.e5 c5 4.dxc5 Nc6 5.Bf4 e6 6.Bd3 Nge7 7.Nd2 Ng6 8.Bxg6 
fxg6 9.Nb3 Bxc5 10.Nxc5 Qa5+ 11.Qd2 Qxc5 12.Nf3 Qb5 13.O-O-O O-O 14.g3 Bd7
15.h4 Rac8 16.Kb1 Be8 17.Ng5 Bf7 18.h5 gxh5 19.Nxf7 Rxf7 20.Rxh5 Qc4 21.b3
Qe4 22.Rdh1 g6 23.f3 Qxf3 24.Rh6 Qe4 25.Re1 Qf5 26.Kb2 a5 27.Re2 Nb4 28.
Qd1 Rfc7 29.Rhh2 d4 30.Rd2 g5 31.Rh5 Rxc2+ 32.Ka3 Qf8 33.Rxg5+ Kh8 34.Rxc2
Nd3+ 0-1

[Event "zonal 1.8"]
[Site "Minsk BLR"]
[Date "2000.05.26"]
[Round "1"]
[White "Ibrahimov, Rasul"]
[Black "Dovliatov, Sanan"]
[Result "1/2-1/2"]
[WhiteElo "2415"]
[BlackElo "2327"]
[EventDate "2000.05.26"]
[PlyCount "52"]

1.c4 e5 2.Nc3 g6 3.g3 Bg7 4.Bg2 d6 5.e3 Nc6 6.Nge2 Nf6 7.O-O O-O 8.d4 Re8 
9.d5 Nb8 10.Rb1 a5 11.a3 e4 12.b4 axb4 13.axb4 Na6 14.Ba3 Nc5 15.Bc1 Na6 
16.Nd4 Qe7 17.Qb3 Bd7 18.Ba3 h5 19.Rfc1 h4 20.c5 h3 21.Bh1 dxc5 22.bxc5 
Nxc5 23.Bxc5 Qxc5 24.Nxe4 Qa5 25.Nc5 Reb8 26.Nxd7 Nxd7 1/2-1/2

[Event "zonal 1.8"]
[Site "Minsk BLR"]
[Date "2000.05.26"]
[Round "1"]
[White "Zulfugarli, Mahomed"]
[Black "Gashimov, Vugar"]
[Result "1/2-1/2"]
[WhiteElo "2479"]
[BlackElo "2426"]
[EventDate "2000.05.26"]
[PlyCount "33"]

1.e4 c5 2.Nf3 d6 3.d4 cxd4 4.Nxd4 Nf6 5.Nc3 a6 6.Bg5 e6 7.Qd2 Be7 8.O-O-O 
Nbd7 9.f4 Qc7 10.g4 b5 11.a3 Bb7 12.Bg2 O-O-O 13.Bxf6 Nxf6 14.g5 Nd7 15.h4
Nb6 16.Rh3 Kb8 17.Kb1 1/2-1/2

[Event "zonal 1.8"]
[Site "Minsk BLR"]
[Date "2000.05.27"]
[Round "2"]
[White "Alexandrov, Alexei"]
[Black "Kupreichik, Viktor"]
[Result "0-1"]
[WhiteElo "2606"]
[BlackElo "2480"]
[EventDate "2000.05.26"]
[PlyCount "94"]

1.d4 d5 2.c4 c6 3.Nc3 dxc4 4.e4 b5 5.a4 b4 6.Na2 Nf6 7.e5 Nd5 8.Bxc4 Nb6 
9.Bb3 a5 10.Bg5 h6 11.Be3 Nd5 12.Nc1 e6 13.Nd3 c5 14.Nf3 Ba6 15.Rc1 Nxe3 
16.fxe3 Nd7 17.O-O Rc8 18.Bc2 Be7 19.d5 exd5 20.e6 fxe6 21.Nfe5 Nxe5 22.
Qh5+ Kd7 23.Nxe5+ Kc7 24.Rf7 Kb8 25.Rxg7 Rg8 26.Qxh6 Bg5 27.Nd7+ Qxd7 28.
Rxg5 Rgf8 29.Bf5 d4 30.Bxe6 Qe7 31.Rg7 Qd6 32.Rg6 dxe3 33.Qxe3 Rce8 34.h4 
Bc8 35.Rxc5 Bxe6 36.Rb5+ Kc8 37.Rb6 Rf1+ 38.Kxf1 Bc4+ 39.Kf2 Rf8+ 40.Qf3 
Rxf3+ 41.gxf3 Qh2+ 42.Ke3 Qe5+ 43.Kf2 Qxb2+ 44.Kg3 Qe5+ 45.Kg4 Bd3 46.Rgf6
b3 47.Rf8+ Kc7 0-1

[Event "zonal 1.8"]
[Site "Minsk BLR"]
[Date "2000.05.27"]
[Round "2"]
[White "Dovliatov, Sanan"]
[Black "Kovalev, Andrei"]
[Result "0-1"]
[WhiteElo "2327"]
[BlackElo "2490"]
[EventDate "2000.05.26"]
[PlyCount "64"]

1.e4 c5 2.Nf3 Nc6 3.Bb5 Qc7 4.O-O a6 5.Bxc6 dxc6 6.d3 e5 7.a4 a5 8.Be3 Nf6
9.h3 h6 10.Nbd2 Be6 11.c3 Be7 12.d4 cxd4 13.cxd4 exd4 14.Nxd4 Bd7 15.Qc2 
O-O 16.Rfd1 Rfe8 17.Nb5 Qb8 18.Nc3 Bb4 19.Nc4 Be6 20.e5 Ng4 21.hxg4 Bxc4 
22.f4 Qc8 23.Ne4 Bd5 24.Nf2 Qe6 25.Rdc1 Rad8 26.Qe2 f6 27.Bd4 Bxg2 28.Rd1 
fxe5 29.Bxe5 Bd5 30.Qe3 Bd6 31.Re1 Bxe5 32.fxe5 Rf8 0-1

[Event "zonal 1.8"]
[Site "Minsk BLR"]
[Date "2000.05.27"]
[Round "2"]
[White "Gashimov, Vugar"]
[Black "Deseatnicov, Ivan"]
[Result "1-0"]
[WhiteElo "2426"]
[BlackElo "2266"]
[EventDate "2000.05.26"]
[PlyCount "115"]

1.e4 c5 2.Nf3 e6 3.d4 cxd4 4.Nxd4 a6 5.Bd3 Bc5 6.Nb3 Ba7 7.Qe2 Nc6 8.Be3 
d6 9.Nc3 Nge7 10.O-O-O b5 11.Bxa7 Rxa7 12.Qe3 e5 13.g3 Be6 14.f4 Bxb3 15.
axb3 Qb8 16.f5 Nd4 17.f6 gxf6 18.Qh6 a5 19.Qxf6 Rf8 20.Bf1 Nec6 21.Bxb5 
Nxb5 22.Nxb5 Qxb5 23.Rxd6 Ne7 24.Rb6 Qc5 25.Rb8+ Nc8 26.Rd1 Rd7 27.Rxd7 
Kxd7 28.Rb7+ Ke8 29.Kb1 Qd6 30.Qf5 Ne7 31.Qf1 f6 32.Qc4 Rf7 33.Ra7 Kf8 34.
Rxa5 Kg7 35.b4 Nc6 36.Rd5 Qe6 37.b5 Ne7 38.Rc5 Qxc4 39.Rxc4 Rf8 40.Rc7 Kf7
41.c4 Rb8 42.Kc2 Ke6 43.g4 h6 44.Kc3 Rb6 45.h3 Rb8 46.Ra7 Nc8 47.Ra6+ Ke7 
48.Kb4 Nd6 49.b6 Nxe4 50.c5 Rc8 51.c6 Kd6 52.Kb5 Nd2 53.b7 Rb8 54.Ra8 Kc7 
55.Ka6 Nc4 56.Rxb8 Kxb8 57.c7+ Kxc7 58.Ka7 1-0

[Event "zonal 1.8"]
[Site "Minsk BLR"]
[Date "2000.05.27"]
[Round "2"]
[White "Kasparov, Sergei"]
[Black "Azarov, Sergei"]
[Result "1-0"]
[WhiteElo "2465"]
[BlackElo "2429"]
[EventDate "2000.05.26"]
[PlyCount "95"]

1.e4 e5 2.Nf3 Nc6 3.Bb5 a6 4.Bxc6 dxc6 5.O-O f6 6.d4 exd4 7.Nxd4 c5 8.Ne2 
Qxd1 9.Rxd1 Bd7 10.Nbc3 Ne7 11.Be3 Nc6 12.Rd2 Ne5 13.b3 O-O-O 14.Rad1 Bd6 
15.f3 Rhe8 16.Nd5 Bf8 17.c4 Be6 18.Nef4 Bf7 19.Nd3 Nxd3 20.Rxd3 Be6 21.g4 
b6 22.Kf2 Kb7 23.Bf4 Rd7 24.Ne3 Red8 25.Rxd7 Rxd7 26.Rxd7 Bxd7 27.h4 Bd6 
28.Bxd6 cxd6 29.f4 h6 30.a4 b5 31.a5 b4 32.Kf3 Be6 33.g5 hxg5 34.hxg5 fxg5
35.f5 Bf7 36.Kg4 Kc6 37.Kxg5 Kd7 38.Nd5 Kc6 39.Nf4 Kd7 40.Nd3 Ke7 41.e5 
Be8 42.e6 Bc6 43.Nf4 Be4 44.Nh5 d5 45.cxd5 c4 46.Nxg7 c3 47.f6+ Kd6 48.f7 
1-0

[Event "zonal 1.8"]
[Site "Minsk BLR"]
[Date "2000.05.27"]
[Round "2"]
[White "Svetuschin, Dumitru"]
[Black "Khruschiov, Alexei"]
[Result "1-0"]
[WhiteElo "2486"]
[BlackElo "2281"]
[EventDate "2000.05.26"]
[PlyCount "107"]

1.e4 e6 2.d3 d5 3.Qe2 Nc6 4.Nf3 dxe4 5.dxe4 e5 6.c3 Nf6 7.Qc2 Bc5 8.b4 Bb6
9.Be2 O-O 10.O-O Bg4 11.Nbd2 a5 12.b5 Ne7 13.Nc4 Bxf3 14.Bxf3 Ng6 15.g3 
Bc5 16.Kg2 Qd7 17.a4 Qe6 18.Ne3 Rfd8 19.Be2 Bxe3 20.Bxe3 Rd7 21.h3 h5 22.
c4 Rad8 23.c5 Rd4 24.Bxd4 exd4 25.Rfe1 h4 26.Bc4 Qe5 27.f4 Qh5 28.Qb3 Rd7 
29.e5 hxg3 30.Qxg3 Nd5 31.Bxd5 Rxd5 32.e6 Nh4+ 33.Kf2 fxe6 34.Qg4 Ng6 35.
Kg3 Nf8 36.Qxh5 Rxh5 37.Rac1 Rd5 38.c6 bxc6 39.Rxc6 Nd7 40.Rxc7 d3 41.Rc6 
Rd4 42.Kf3 Rxa4 43.Rd6 Nc5 44.Rc1 Nb3 45.Rc8+ Kh7 46.Rxd3 Nd4+ 47.Kg4 Nxb5
48.Rdd8 Kg6 49.h4 Kf6 50.Rd7 Ra1 51.Rf8+ Kg6 52.h5+ Kh7 53.Rdd8 Rg1+ 54.
Kf3 1-0

[Event "zonal 1.8"]
[Site "Minsk BLR"]
[Date "2000.05.28"]
[Round "3"]
[White "Azarov, Sergei"]
[Black "Svetuschin, Dumitru"]
[Result "0-1"]
[WhiteElo "2429"]
[BlackElo "2486"]
[EventDate "2000.05.26"]
[PlyCount "114"]

1.e4 c6 2.Nc3 d5 3.Nf3 Bg4 4.h3 Bh5 5.exd5 cxd5 6.Bb5+ Nc6 7.g4 Bg6 8.Ne5 
Rc8 9.d4 e6 10.h4 f6 11.Nxg6 hxg6 12.Qd3 Kf7 13.Bxc6 Rxc6 14.Bd2 Bb4 15.
Ne2 Bxd2+ 16.Qxd2 Ne7 17.O-O-O Qc7 18.Kb1 b5 19.c3 a5 20.g5 Nf5 21.Nf4 b4 
22.cxb4 axb4 23.h5 gxh5 24.g6+ Ke7 25.Qxb4+ Qd6 26.Qxd6+ Kxd6 27.Nxh5 Rcc8
28.b3 Kd7 29.Nf4 Rxh1 30.Rxh1 Nxd4 31.Rh7 Nf5 32.Nh5 Kd6 33.Nxg7 Ne7 34.
Rh6 Rg8 35.Nh5 Nf5 36.Nxf6 Nxh6 37.Nxg8 Nxg8 38.Kc2 Ke7 39.a4 Kf6 40.b4 
Kxg6 41.a5 Ne7 42.b5 Kf7 43.Kc3 Ke8 44.Kd4 Kd7 45.Kc5 e5 46.a6 Kc8 47.b6 
d4 48.Kc4 Ng6 49.Kd3 Nf4+ 50.Kc4 d3 51.Kc3 e4 52.Kd2 Kb8 53.b7 Ka7 54.Ke3 
Nd5+ 55.Kd2 Nb4 56.f3 exf3 57.Ke3 f2 0-1

[Event "zonal 1.8"]
[Site "Minsk BLR"]
[Date "2000.05.28"]
[Round "3"]
[White "Khruschiov, Alexei"]
[Black "Gashimov, Vugar"]
[Result "0-1"]
[WhiteElo "2281"]
[BlackElo "2426"]
[EventDate "2000.05.26"]
[PlyCount "80"]

1.e4 c5 2.g3 g6 3.Bg2 Bg7 4.d3 Nc6 5.f4 e6 6.Nf3 Nge7 7.O-O O-O 8.c3 d6 9.
Be3 b6 10.Bf2 Ba6 11.Re1 e5 12.d4 cxd4 13.cxd4 exf4 14.gxf4 d5 15.Nc3 dxe4
16.Nxe4 Rc8 17.Bh4 f6 18.Nc3 Kh8 19.d5 Nb4 20.Nd4 Qd7 21.Ne6 Rf7 22.Bh3 
Nf5 23.Bxf5 gxf5 24.Re3 Bb7 25.Rg3 Rg8 26.Nxg7 Rgxg7 27.Qd2 Qd6 28.Rd1 
Rxg3+ 29.Bxg3 Rd7 30.Bf2 Nxd5 31.Nxd5 Bxd5 32.Bd4 Rg7+ 33.Kf1 Qc6 34.b3 
Bg2+ 35.Ke1 Bf3 36.Rc1 Qe4+ 37.Qe3 Rg1+ 38.Kf2 Rxc1 39.Bxf6+ Kg8 40.Qxc1 
Qe2+ 0-1

[Event "zonal 1.8"]
[Site "Minsk BLR"]
[Date "2000.05.28"]
[Round "3"]
[White "Kovalev, Andrei"]
[Black "Iordachescu, Viorel"]
[Result "0-1"]
[WhiteElo "2490"]
[BlackElo "2560"]
[EventDate "2000.05.26"]
[PlyCount "80"]

1.e4 c6 2.d4 d5 3.Nd2 dxe4 4.Nxe4 Nd7 5.Bc4 Ngf6 6.Nxf6+ Nxf6 7.c3 Qc7 8.
Qb3 e6 9.Nf3 Bd6 10.Bg5 h6 11.Bxf6 gxf6 12.O-O Bd7 13.Rfe1 O-O-O 14.Kh1 
Rhg8 15.Rad1 Kb8 16.Qc2 Qa5 17.Bf1 Qh5 18.Re4 Qg6 19.Nh4 Qh7 20.b4 Rg4 21.
Bd3 Qg7 22.Rxg4 Qxg4 23.Nf3 Rg8 24.Rg1 e5 25.dxe5 fxe5 26.Bh7 Re8 27.Qd2 
Bc7 28.Qxh6 Bc8 29.Re1 e4 30.Nd4 Re5 31.Qh3 Qg5 32.Qe3 Qh5 33.Bg8 Re8 34.
g3 Rxg8 35.Qxe4 f5 36.Qf3 Qh7 37.Re2 Rh8 38.h4 f4 39.Kg2 fxg3 40.fxg3 Rg8 
0-1

[Event "zonal 1.8"]
[Site "Minsk BLR"]
[Date "2000.05.28"]
[Round "3"]
[White "Kupreichik, Viktor"]
[Black "Kasparov, Sergei"]
[Result "1-0"]
[WhiteElo "2480"]
[BlackElo "2465"]
[EventDate "2000.05.26"]
[PlyCount "68"]

1.e4 c6 2.Nc3 d5 3.d4 dxe4 4.Nxe4 Bf5 5.Ng3 Bg6 6.Nf3 Nd7 7.h4 h6 8.h5 Bh7
9.Bd3 Bxd3 10.Qxd3 e6 11.Bf4 Ngf6 12.O-O-O Be7 13.Kb1 O-O 14.Ne5 Nxe5 15.
Bxe5 Nd7 16.Bf4 Nf6 17.Qe2 Qb6 18.Rd3 Rad8 19.Rhd1 Qb5 20.Be5 Nd7 21.Bc7 
Rc8 22.Bf4 Nf6 23.Be5 Rfd8 24.f4 Nd5 25.Qg4 Nf6 26.Bxf6 Bxf6 27.f5 exf5 
28.Nxf5 Kh7 29.Nd6 Rxd6 30.Qxc8 Bxd4 31.b3 Qe5 32.g4 c5 33.c3 c4 34.cxd4 
Qe2 1-0

[Event "zonal 1.8"]
[Site "Minsk BLR"]
[Date "2000.05.29"]
[Round "4"]
[White "Alexandrov, Alexei"]
[Black "Kasparov, Sergei"]
[Result "1/2-1/2"]
[WhiteElo "2606"]
[BlackElo "2465"]
[EventDate "2000.05.26"]
[PlyCount "128"]

1.d4 Nf6 2.c4 c5 3.e3 cxd4 4.exd4 d5 5.Nc3 g6 6.cxd5 Bg7 7.Bc4 O-O 8.Nf3 
Nbd7 9.O-O Nb6 10.Bb3 Nbxd5 11.Re1 b6 12.Ne5 Bb7 13.Bg5 Rc8 14.Qf3 Rc7 15.
Qh3 Nxc3 16.bxc3 Qc8 17.Qxc8 Bxc8 18.Bf4 Rxc3 19.Bd2 Rc7 20.Rac1 Rxc1 21.
Rxc1 Be6 22.Bxe6 fxe6 23.Rc7 Nd5 24.Rxa7 Bxe5 25.dxe5 Kg7 26.Bg5 Re8 27.h4
h6 28.Bd2 Rc8 29.Kf1 Rc4 30.g3 Re4 31.f3 Rxe5 32.g4 h5 33.Bc1 Kf7 34.Bh6 
Nf6 35.Ra8 Ne8 36.Kf2 b5 37.a3 Rc5 38.Bd2 Rc2 39.Ke3 Rc4 40.Rb8 Nd6 41.
gxh5 gxh5 42.f4 Rc5 43.Bb4 Rd5 44.Rh8 Nf5+ 45.Kf2 Nxh4 46.Rh7+ Kg6 47.Rxe7
Kf5 48.Ke3 Ng2+ 49.Kf3 Nh4+ 50.Ke3 e5 51.fxe5 Rxe5+ 52.Rxe5+ Kxe5 53.Kf2 
Kf4 54.Kg1 Nf3+ 55.Kg2 Kg4 56.Bc3 h4 57.Bb4 h3+ 58.Kh1 Ne5 59.Kh2 Nf3+ 60.
Kh1 Kg3 61.Bd6+ Kf2 62.Bc5+ Kf1 63.Bb4 h2 64.Bc5 Ke2 1/2-1/2

[Event "zonal 1.8"]
[Site "Minsk BLR"]
[Date "2000.05.29"]
[Round "4"]
[White "Dovliatov, Sanan"]
[Black "Deseatnicov, Ivan"]
[Result "1/2-1/2"]
[WhiteElo "2327"]
[BlackElo "2266"]
[EventDate "2000.05.26"]
[PlyCount "146"]

1.e4 d5 2.exd5 Nf6 3.d4 Nxd5 4.c4 Nb6 5.Nf3 g6 6.Nc3 Bg7 7.c5 Nd5 8.Bc4 c6
9.Qb3 O-O 10.O-O Nxc3 11.bxc3 b5 12.cxb6 axb6 13.Re1 Ba6 14.Bxa6 Rxa6 15.
Bg5 Re8 16.Qb4 Bf8 17.a4 Qc7 18.Ne5 e6 19.Qc4 Ra8 20.Qd3 Ra5 21.Qf3 Bg7 
22.Bf6 Rf8 23.Bxg7 Kxg7 24.h4 f6 25.Ng4 h5 26.Ne3 Nd7 27.Qe4 Re8 28.g3 Nf8
29.c4 Re7 30.Qf3 Rd7 31.Red1 Qb7 32.Ng2 Qa8 33.Qb3 b5 34.cxb5 cxb5 35.Nf4 
Re7 36.d5 exd5 37.Rxd5 Rxa4 38.Rad1 Ra1 39.Qxb5 Re1+ 40.Rxe1 Rxe1+ 41.Kh2 
Qa2 42.Qc5 Ra1 43.Rd8 Nh7 44.Rd7+ Kh6 45.Nxh5 Qa8 46.Rd5 f5 47.g4 Qa7 48.
Qc2 Qa2 49.Qc5 Qa7 50.Rxf5 Qxc5 51.Rxc5 gxh5 52.Rxh5+ Kg6 53.Rb5 Nf6 54.f3
Nxg4+ 55.fxg4 Ra2+ 56.Kg3 Ra3+ 57.Kf2 Ra2+ 58.Ke3 Ra3+ 59.Ke2 Ra2+ 60.Kd3 
Ra3+ 61.Kc4 Rh3 62.h5+ Kh6 63.Rb6+ Kh7 64.Kd5 Rg3 65.Rg6 Re3 66.Ra6 Rg3 
67.Rg6 Re3 68.g5 Rg3 69.Ke5 Rh3 70.Kf6 Rf3+ 71.Ke7 Rf5 72.Ke6 Ra5 73.Kf7 
Rf5+ 1/2-1/2

[Event "zonal 1.8"]
[Site "Minsk BLR"]
[Date "2000.05.29"]
[Round "4"]
[White "Gashimov, Vugar"]
[Black "Azarov, Sergei"]
[Result "1/2-1/2"]
[WhiteElo "2426"]
[BlackElo "2429"]
[EventDate "2000.05.26"]
[PlyCount "78"]

1.e4 e5 2.Nf3 Nc6 3.d4 exd4 4.Nxd4 Bc5 5.Be3 Qf6 6.c3 Nge7 7.Bc4 Ne5 8.Be2
d5 9.O-O O-O 10.Nd2 Bb6 11.f4 Qh6 12.Kh1 dxe4 13.Nxe4 N5c6 14.Nxc6 Qxc6 
15.Bxb6 Qxb6 16.Bc4 Be6 17.Bxe6 Qxe6 18.Qf3 Nf5 19.Nc5 Qg6 20.Rfe1 Rad8 
21.Rad1 Rxd1 22.Rxd1 b6 23.Na6 c5 24.Nc7 h5 25.Re1 Rd8 26.Nd5 Nh4 27.Ne7+ 
Kh7 28.Qf2 Qf6 29.h3 g6 30.Re5 Rd6 31.c4 Re6 32.Nd5 Qd8 33.g4 hxg4 34.hxg4
Kg7 35.Qe3 Qd6 36.Kh2 Rxe5 37.fxe5 Qd8 38.Kg3 g5 39.Nf6 Ng6 1/2-1/2

[Event "zonal 1.8"]
[Site "Minsk BLR"]
[Date "2000.05.29"]
[Round "4"]
[White "Ibrahimov, Rasul"]
[Black "Kovalev, Andrei"]
[Result "0-1"]
[WhiteElo "2415"]
[BlackElo "2490"]
[EventDate "2000.05.26"]
[PlyCount "116"]

1.e4 c5 2.c3 g6 3.d4 cxd4 4.cxd4 d5 5.exd5 Nf6 6.Nc3 Bg7 7.Qb3 O-O 8.Be2 
Nbd7 9.Bf3 Nb6 10.Nge2 Bg4 11.Bxg4 Nxg4 12.a4 a5 13.O-O Qd6 14.Bf4 Qb4 15.
Qd1 Rac8 16.d6 exd6 17.Nb5 Qxb2 18.Nec3 Rxc3 19.Rb1 Qc2 20.Nxc3 Qxc3 21.
Rxb6 Qxd4 22.Qxd4 Bxd4 23.Rxd6 Bc5 24.Rd5 b6 25.h3 Nf6 26.Rd3 Re8 27.Bd6 
Ne4 28.Bxc5 Nxc5 29.Rd4 Kg7 30.Rfd1 h5 31.g3 Re2 32.Rb1 Ne4 33.Rxb6 Nxf2 
34.Kf1 Ra2 35.Rb5 Nxh3 36.Rh4 Ng5 37.Rxa5 f5 38.Rd4 Ne4 39.Rd3 Kh6 40.Ra8 
Kg5 41.a5 Kg4 42.a6 Nxg3+ 43.Ke1 h4 44.Rd2 Ra1+ 45.Rd1 Ra3 46.Rd4+ f4 47.
a7 h3 48.Rf8 h2 49.Rfxf4+ Kg5 50.Rg4+ Kf5 51.Rh4 h1=Q+ 52.Rxh1 Nxh1 53.Kf1
Ng3+ 54.Kg2 Ne4 55.Rd7 g5 56.Rf7+ Kg4 57.Re7 Ra2+ 58.Kf1 Nd6 0-1

[Event "zonal 1.8"]
[Site "Minsk BLR"]
[Date "2000.05.29"]
[Round "4"]
[White "Svetuschin, Dumitru"]
[Black "Kupreichik, Viktor"]
[Result "1/2-1/2"]
[WhiteElo "2486"]
[BlackElo "2480"]
[EventDate "2000.05.26"]
[PlyCount "126"]

1.e4 c5 2.Nf3 Nc6 3.d4 cxd4 4.Nxd4 Nf6 5.Nc3 d6 6.f3 e6 7.Be3 Be7 8.Qd2 
O-O 9.O-O-O d5 10.Qe1 e5 11.Nxc6 bxc6 12.exd5 Nxd5 13.Bc4 Be6 14.Ne4 Qc7 
15.Bc5 Rab8 16.Bb3 Rfe8 17.Bxe7 Rxe7 18.Nc5 Bc8 19.Qd2 Re8 20.Rhe1 Qe7 21.
Nd3 f6 22.Nf4 Kh8 23.Nxd5 cxd5 24.Qxd5 Bf5 25.Qa5 Rec8 26.Rd5 Rb6 27.Red1 
h5 28.Qd2 Kh7 29.c3 Be6 30.Rd6 Bxb3 31.axb3 Qb7 32.Qd3+ Kh6 33.Rd7 Qa6 34.
Qxa6 Rxa6 35.Kc2 h4 36.Re7 Rg8 37.b4 g5 38.h3 Kg6 39.b5 Rb6 40.Rxa7 Rxb5 
41.Rd6 Kf5 42.Rf7 Kf4 43.Rfxf6+ Kg3 44.Rd2 Ra5 45.Rf5 Kh2 46.c4 Ra4 47.Kb3
Ra1 48.Rxe5 Rc1 49.Kb4 Rb8+ 50.Rb5 Rg8 51.c5 Rc8 52.c6 R1xc6 53.Rxg5 Rb6+ 
54.Rb5 Rg6 55.Rh5 Rb8+ 56.Kc3 Rc6+ 57.Kd3 Rd6+ 58.Ke2 Rxd2+ 59.Kxd2 Rxb2+ 
60.Ke3 Rb3+ 61.Kf4 Kxg2 62.Rxh4 Rxf3+ 63.Kg4 Rg3+ 1/2-1/2

[Event "zonal 1.8"]
[Site "Minsk BLR"]
[Date "2000.05.30"]
[Round "5"]
[White "Deseatnicov, Ivan"]
[Black "Iordachescu, Viorel"]
[Result "1/2-1/2"]
[WhiteElo "2266"]
[BlackElo "2560"]
[EventDate "2000.05.26"]
[PlyCount "105"]

1.e4 e5 2.Nf3 Nc6 3.Nc3 Nf6 4.Bb5 Nd4 5.Nxd4 exd4 6.e5 dxc3 7.exf6 Qxf6 8.
dxc3 c6 9.Bd3 d5 10.O-O Be6 11.Qh5 g6 12.Qg5 Qxg5 13.Bxg5 Bg7 14.Be3 O-O 
15.Bd4 Rfe8 16.f4 Bf5 17.Bxg7 Kxg7 18.Bxf5 gxf5 19.Rfe1 Re4 20.Rxe4 fxe4 
21.Rd1 b5 22.Kf2 Kf6 23.b3 Ke6 24.c4 bxc4 25.bxc4 Rb8 26.cxd5+ cxd5 27.c4 
dxc4 28.Rd4 Rc8 29.Rxe4+ Kf5 30.Kf3 h5 31.Re5+ Kf6 32.Re2 c3 33.Rc2 Kf5 
34.g3 Rc4 35.h3 Ke6 36.Ke3 f5 37.Kd3 Kd5 38.Ke3 Re4+ 39.Kd3 Rd4+ 40.Kxc3 
Rc4+ 41.Kd3 Rxc2 42.Kxc2 Ke4 43.Kc3 a5 44.a3 a4 45.Kc4 Kf3 46.Kd5 Kxg3 47.
Ke5 Kxh3 48.Kxf5 Kg3 49.Ke5 h4 50.f5 h3 51.f6 h2 52.f7 h1=Q 53.f8=Q 
1/2-1/2

[Event "zonal 1.8"]
[Site "Minsk BLR"]
[Date "2000.05.30"]
[Round "5"]
[White "Kasparov, Sergei"]
[Black "Svetuschin, Dumitru"]
[Result "1/2-1/2"]
[WhiteElo "2465"]
[BlackElo "2486"]
[EventDate "2000.05.26"]
[PlyCount "91"]

1.e4 c6 2.d4 d5 3.Nc3 dxe4 4.Nxe4 Bf5 5.Nc5 Nd7 6.Bd3 Bxd3 7.Nxd3 e6 8.Nf3
Ngf6 9.O-O Be7 10.Qe2 O-O 11.Rd1 Qb6 12.c4 Rfd8 13.Be3 Qa6 14.Nde5 Nxe5 
15.Nxe5 Nd7 16.Nf3 Nf8 17.b3 Ng6 18.Bg5 Bf6 19.Bxf6 gxf6 20.Qb2 Kg7 21.h4 
h5 22.Rd2 Rd7 23.Qc3 Rad8 24.a4 Qb6 25.Rad1 Qc7 26.g3 Rd6 27.Rd3 Qe7 28.
Ne1 Qf8 29.Qa5 e5 30.Qc3 Qe7 31.dxe5 Nxe5 32.Rxd6 Rxd6 33.Rxd6 Qxd6 34.Kg2
Qd1 35.Kf1 c5 36.Qc2 Qg4 37.Qe2 Qh3+ 38.Kg1 Qf5 39.Kg2 Kg6 40.Qe3 b6 41.
Nf3 Nxf3 42.Qxf3 Qe6 43.Qb7 Qe2 44.Qa8 Qe7 45.Kf1 f5 46.Qg8+ 1/2-1/2

[Event "zonal 1.8"]
[Site "Minsk BLR"]
[Date "2000.05.30"]
[Round "5"]
[White "Khruschiov, Alexei"]
[Black "Dovliatov, Sanan"]
[Result "0-1"]
[WhiteElo "2281"]
[BlackElo "2327"]
[EventDate "2000.05.26"]
[PlyCount "116"]

1.e4 e5 2.Nf3 Nc6 3.Bb5 a6 4.Bxc6 dxc6 5.O-O f6 6.d4 Bg4 7.c3 Bd6 8.h3 Bh5
9.Be3 Qd7 10.dxe5 fxe5 11.Nxe5 Bxd1 12.Nxd7 Bh5 13.Nc5 Nf6 14.f3 O-O-O 15.
Ne6 Rd7 16.Nd2 Bf7 17.Ng5 Bg6 18.Nc4 Re8 19.h4 h6 20.Nh3 Bf7 21.Nxd6+ cxd6
22.Bd4 Bc4 23.Rfe1 Rf7 24.Nf2 Nh5 25.b3 Be6 26.Rad1 Kc7 27.Rd2 g5 28.hxg5 
hxg5 29.Be3 Bc8 30.Red1 g4 31.Nxg4 Bxg4 32.fxg4 Ng3 33.Rxd6 Rxe4 34.Bg5 
Ne2+ 35.Kh1 Rxg4 36.Bd8+ Kb8 37.Rh6 Ka7 38.Bh4 Nxc3 39.Rd2 Ne4 40.Re2 
Rxh4+ 41.Rxh4 Ng3+ 42.Kh2 Nxe2 43.g4 Rg7 44.Kg2 Kb6 45.Kf3 Nd4+ 46.Ke4 c5 
47.b4 Kb5 48.bxc5 Kxc5 49.Rh5+ Kc4 50.Kf4 b5 51.Rh6 a5 52.g5 b4 53.Ra6 Kb5
54.Rf6 a4 55.g6 b3 56.axb3 axb3 57.Ke3 b2 58.Rf1 Kc4 0-1

[Event "zonal 1.8"]
[Site "Minsk BLR"]
[Date "2000.05.30"]
[Round "5"]
[White "Kovalev, Andrei"]
[Black "Alexandrov, Alexei"]
[Result "1/2-1/2"]
[WhiteElo "2490"]
[BlackElo "2606"]
[EventDate "2000.05.26"]
[PlyCount "83"]

1.e4 e5 2.Nf3 Nc6 3.Nc3 Nf6 4.g3 Bc5 5.Bg2 d6 6.d3 Nd4 7.Nxd4 Bxd4 8.Ne2 
Bb6 9.O-O c6 10.h3 Be6 11.Kh2 h5 12.d4 Bc4 13.d5 cxd5 14.exd5 e4 15.b3 
Bxd5 16.Bb2 Be6 17.Nf4 h4 18.Bxf6 Qxf6 19.Bxe4 d5 20.Bg2 O-O-O 21.Qf3 Bc7 
22.Rad1 Rh6 23.c4 Kb8 24.Nxe6 fxe6 25.cxd5 Qxf3 26.Bxf3 exd5 27.Rxd5 Rdh8 
28.Bg4 Rc6 29.Kg2 Rc2 30.gxh4 Rxa2 31.h5 Rb2 32.Bd1 Rd8 33.Rxd8+ Bxd8 34.
Kg3 Rd2 35.Kg4 Rd5 36.f4 Bf6 37.Bc2 Kc7 38.Rf3 a5 39.Be4 Rc5 40.Rd3 b5 41.
Bf5 a4 42.bxa4 1/2-1/2

[Event "zonal 1.8"]
[Site "Minsk BLR"]
[Date "2000.05.30"]
[Round "5"]
[White "Zulfugarli, Mahomed"]
[Black "Ibrahimov, Rasul"]
[Result "1-0"]
[WhiteElo "2479"]
[BlackElo "2415"]
[EventDate "2000.05.26"]
[PlyCount "75"]

1.e4 d5 2.exd5 Qxd5 3.Nc3 Qa5 4.d4 Nf6 5.Bc4 c6 6.Bd2 Bf5 7.Qe2 Qc7 8.Nf3 
e6 9.Ne5 Nbd7 10.Nxd7 Kxd7 11.b4 Bxb4 12.O-O Bd6 13.h3 h5 14.Bg5 Nd5 15.
Nxd5 exd5 16.Bd3 Bxd3 17.Qxd3 f6 18.Bd2 Rae8 19.a4 Kc8 20.a5 g5 21.c4 dxc4
22.Qxc4 Re4 23.a6 b6 24.Rac1 Rhe8 25.Qd3 Kb8 26.Rc2 g4 27.Rfc1 gxh3 28.
Qxh3 c5 29.dxc5 Bxc5 30.Qxh5 Qe5 31.Qf3 f5 32.g3 Qd5 33.Bf4+ Ka8 34.Be3 
Rc8 35.Rd2 Qc6 36.Bxc5 bxc5 37.Qxf5 c4 38.Rd6 1-0

[Event "zonal 1.8"]
[Site "Minsk BLR"]
[Date "2000.05.31"]
[Round "6"]
[White "Alexandrov, Alexei"]
[Black "Svetuschin, Dumitru"]
[Result "1-0"]
[WhiteElo "2606"]
[BlackElo "2486"]
[EventDate "2000.05.26"]
[PlyCount "93"]

1.d4 d5 2.c4 dxc4 3.Nf3 Nf6 4.e3 e6 5.Bxc4 c5 6.O-O a6 7.Bb3 b5 8.a4 b4 9.
Nbd2 Bb7 10.a5 Be7 11.Ba4+ Nbd7 12.dxc5 Bxc5 13.Nb3 O-O 14.Ne5 Nxe5 15.
Nxc5 Qc7 16.Nxb7 Qxb7 17.Qd4 Ng6 18.Rd1 Rab8 19.Bd2 Rfd8 20.Qc4 Rdc8 21.
Qe2 Rc5 22.f3 Rxa5 23.e4 Rc5 24.Be3 Rcc8 25.Bb3 Nd7 26.Bc4 Nc5 27.Bxa6 
Nxa6 28.Rxa6 b3 29.Rb6 Qc7 30.Qa6 h6 31.h3 Rxb6 32.Bxb6 Qc2 33.Qxc8+ Qxc8 
34.Rd8+ Qxd8 35.Bxd8 Kf8 36.Bc7 e5 37.g3 Ke7 38.Kf2 Kd7 39.Bb8 h5 40.h4 
Ke6 41.Ke3 Ne7 42.Ba7 g6 43.Kd3 f5 44.Be3 fxe4+ 45.fxe4 Kd6 46.Kc4 Kc6 47.
Kb4 1-0

[Event "zonal 1.8"]
[Site "Minsk BLR"]
[Date "2000.05.31"]
[Round "6"]
[White "Dovliatov, Sanan"]
[Black "Azarov, Sergei"]
[Result "1/2-1/2"]
[WhiteElo "2327"]
[BlackElo "2429"]
[EventDate "2000.05.26"]
[PlyCount "31"]

1.e4 e5 2.Nf3 Nc6 3.Bc4 Bc5 4.c3 Nf6 5.d3 d6 6.Nbd2 O-O 7.Bb3 a6 8.h3 Be6 
9.O-O Bxb3 10.Qxb3 Nh5 11.Nc4 b5 12.Ne3 Nf4 13.Qd1 d5 14.Nf5 dxe4 15.dxe4 
Re8 16.Be3 1/2-1/2

[Event "zonal 1.8"]
[Site "Minsk BLR"]
[Date "2000.05.31"]
[Round "6"]
[White "Iordachescu, Viorel"]
[Black "Khruschiov, Alexei"]
[Result "1-0"]
[WhiteElo "2560"]
[BlackElo "2281"]
[EventDate "2000.05.26"]
[PlyCount "55"]

1.c4 g6 2.Nc3 Bg7 3.d4 Nf6 4.g3 d5 5.cxd5 Nxd5 6.Bg2 Nxc3 7.bxc3 O-O 8.Nf3
c5 9.O-O Nc6 10.d5 Ne5 11.Nxe5 Bxe5 12.Bh6 Re8 13.Rc1 Qa5 14.Qd2 Bd7 15.f4
Bh8 16.e4 Bb5 17.Rf2 Bc4 18.f5 Be5 19.Bh3 f6 20.fxg6 hxg6 21.Be6+ Kh7 22.
Bf4 Rf8 23.h4 Bxf4 24.gxf4 f5 25.e5 Rad8 26.h5 Bxd5 27.hxg6+ Kg7 28.Rh2 
1-0

[Event "zonal 1.8"]
[Site "Minsk BLR"]
[Date "2000.05.31"]
[Round "6"]
[White "Kovalev, Andrei"]
[Black "Zulfugarli, Mahomed"]
[Result "1/2-1/2"]
[WhiteElo "2490"]
[BlackElo "2479"]
[EventDate "2000.05.26"]
[PlyCount "178"]

1.e4 e5 2.Nf3 Nc6 3.Bb5 a6 4.Ba4 Nf6 5.O-O Be7 6.Re1 b5 7.Bb3 d6 8.c3 O-O 
9.d4 Bg4 10.d5 Na5 11.Bc2 c6 12.h3 Bh5 13.dxc6 Qc7 14.Nbd2 Qxc6 15.Nf1 
Rfe8 16.Ng3 Bg6 17.Nh4 Rad8 18.Qe2 d5 19.Nxg6 hxg6 20.Bg5 Nxe4 21.Nxe4 
dxe4 22.Bxe4 Qc7 23.Bxe7 Rxe7 24.Rad1 Red7 25.Rxd7 Qxd7 26.Bf3 Nc4 27.g4 
Qe7 28.b3 Rd2 29.Qe4 Qc5 30.Re2 Rxe2 31.Qxe2 Nd6 32.Qd2 e4 33.Bg2 f5 34.
Bf1 Nf7 35.Be2 Ne5 36.Kf1 Kh7 37.Qd4 Qc7 38.Kg2 Kh6 39.c4 bxc4 40.bxc4 Nd7
41.Qe3+ Kh7 42.gxf5 gxf5 43.Qg5 Qe5 44.Qh4+ Kg8 45.Qd8+ Nf8 46.c5 Qxc5 47.
Bxa6 Kh7 48.Qc8 Qa5 49.Qxf8 Qxa6 50.Qxf5+ Kh6 51.Qf4+ g5 52.Qf8+ Kh7 53.
Qf7+ Kh6 54.Qd5 e3 55.Kf3 e2 56.Qd2 e1=Q 57.Qxe1 Qxa2 58.Qe4 Qf7+ 59.Kg2 
Qf6 60.Qd5 Kg7 61.Qb7+ Kh6 62.Qc7 Kg6 63.Kg3 Kh6 64.f3 Qe6 65.Qc3 Qd6+ 66.
Kg2 Qe6 67.Qd2 Kg6 68.Qd3+ Kh6 69.Qe4 Qd6 70.Qe3 Kg6 71.Qc3 Qe6 72.Qd2 Qf6
73.Qb4 Kh6 74.Qb3 Qd6 75.Qe3 Kg6 76.Qe4+ Kh6 77.h4 gxh4 78.Qxh4+ Kg6 79.
Kh3 Qd1 80.Qg3+ Kf6 81.Kh4 Qd5 82.Qf4+ Qf5 83.Qd6+ Kf7 84.Qc7+ Kf6 85.f4 
Kg6 86.Qc4 Qh5+ 87.Kg3 Qf5 88.Qc6+ Kf7 89.Qd6 Qg6+ 1/2-1/2